00565nam a2200193 a 4500001001300000003000900013005001700022008004100039020002300080082001700103100001700120245007600137260005000213300000900263500003500272505001000307650003700317700001700354nice12345678IN_TiNIC20260116013058.0050524s1998 cama grp 000 0 eng  a0521581 c99500a954.029bOMP aOm Prakash,  aNew Cambridge History of India, European Commercial Enterprise in Pre-C aCambridge bCambridge University Press c1998 a377p aincludes index and biblioraphy2 aIndex aIndia-History British Occupation1 aOm Prakash,